000 00318nam a22001097a 4500
008 160422b xxu||||| |||| 00| 0 eng d
020 _a9780323069687
041 _aeng
080 _a618.2
245 _aNursing interventions clinical skills:
_cAnne Griffin Perry; Patricia A. Potter; Martha Keene Elkin;
942 _2udc
_cBK
999 _c1523
_d1523